000 00729nam a2200217Ia 4500
003 GCL
008 140319s9999 xx 000 0 ara d
040 _aGCL /
_cGCL
082 0 4 _aق
_b916.2
_bم د
100 1 _aمحمد صبحى عبدالحكيم
245 1 0 _aدراسات فى جغرافية مصر /
_cمحمد صبحى عبدالحكيم
700 1 _aمحمد صفى الدين
700 1 _aجمال الدناصورى
700 1 _aابوبكر على عبدالعاطى
300 _a537 ص
490 _aالالف كتاب
_v0
650 0 4 _aمصر - الجغرافيا الاقتصادية
650 0 4 _aمصر - الجغرافيا الزراعية
650 0 4 _aمصر - جغرافيا
942 _2ddc
_cBK
999 _c45754
_d45754